| 000 | 00993cad a22002415a 4500 | ||
|---|---|---|---|
| 001 | L153683 | ||
| 008 | 110817s2011 xxk 000 0 eng d | ||
| 020 | _a9781842196809 | ||
| 035 | _a(Sirsi) u153683 | ||
| 041 | 0 | _aeng | |
| 050 | _a344.410465 $2 18 | ||
| 110 | 2 |
_aRoyal Institution of Chartered Surveyors _94900 |
|
| 245 | 0 | 0 |
_aSurveying safely _h[old edition] |
| 260 |
_aCoventry _bRICS _c2011 |
||
| 490 |
_aRICS Guidance Note _v(GN 74/2011) |
||
| 520 | _aThis guidance note considers health and safety responsibilities at both a corporate level (whether the organisation is large or small), and at the level of the individual property professional. | ||
| 520 | _aSuperseded by 2 ed ISNM 9781842196809 effective from February 2019 | ||
| 590 | _aKA | ||
| 651 | 4 | _aUnited Kingdom | |
| 690 | _aMANAGEMENT-HEALTH AND SAFETY | ||
| 856 |
_uhttps://www.isurv.com/downloads/file/3083/archive_surveying_safely_1st_edition _zArchived on isurv (subscription required) |
||
| 942 |
_n0 _2ddc |
||
| 999 |
_c112645 _d112645 |
||